UM Logo

They see us as less than human: (Record no. 6547)

MARC details
000 -LEADER
fixed length control field 00770nam a2200181 4500
008 - FIXED-LENGTH DATA ELEMENTS--GENERAL INFORMATION
fixed length control field 170404b xxu||||| |||| 00| 0 eng d
022 ## - INTERNATIONAL STANDARD SERIAL NUMBER
International Standard Serial Number 0022-3514
082 ## - DEWEY DECIMAL CLASSIFICATION NUMBER
Classification number DPer 155.205 J82 Feb-Apr 2016 v. 110, n. 2-4
100 ## - MAIN ENTRY--PERSONAL NAME
9 (RLIN) 19788
Personal name Kteily, Nour
245 ## - TITLE STATEMENT
Title They see us as less than human:
Remainder of title metadehumanization predicts intergroup conflict via reciprocal dehumanization/
Statement of responsibility, etc. Nour Kteily, Gordon Hodson and Emile Bruneau.
260 ## - PUBLICATION, DISTRIBUTION, ETC. (IMPRINT)
Place of publication, distribution, etc. Washington DC:
Name of publisher, distributor, etc. American Psychological Association,
Date of publication, distribution, etc. ©Feb-Apr 2016.
300 ## - PHYSICAL DESCRIPTION
Extent v110 n3, pages 343-370;
Dimensions 11 cm.
500 ## - GENERAL NOTE
General note Journal of personality and social psychology.
650 #0 - SUBJECT ADDED ENTRY--TOPICAL TERM
9 (RLIN) 19789
Topical term or geographic name as entry element Race discrimination
700 ## - ADDED ENTRY--PERSONAL NAME
9 (RLIN) 19790
Personal name Hodson, Gordon
Relator term Author
700 ## - ADDED ENTRY--PERSONAL NAME
9 (RLIN) 19791
Personal name Bruneau, Emile
Relator term Author
942 ## - ADDED ENTRY ELEMENTS (KOHA)
Source of classification or shelving scheme Dewey Decimal Classification
Koha item type Periodicals
Holdings
Withdrawn status Lost status Source of classification or shelving scheme Damaged status Not for loan Collection code Home library Current library Date acquired Total Checkouts Full call number Date last seen Price effective from Koha item type Public note
    Dewey Decimal Classification     Periodicals UM Digos College - LIC UM Digos College - LIC 04/04/2017   DPer 155.205 J82 Feb-Apr 2016 v. 110, n. 2-4 04/04/2017 04/04/2017 Periodicals Periodical article